Another mother tongue : gay words, gay worlds /

Uloženo v:
Podrobná bibliografie
Hlavní autor: Grahn, Judy (Autor)
Médium: Kniha
Jazyk:angličtina
Vydáno: Boston : Beacon Press, c1984
Tagy: Přidat tag
Žádné tagy, Buďte první, kdo vytvoří štítek k tomuto záznamu!

MARC

LEADER 00000nam a22000007i 4500
001 IT\ICCU\UDA\0094306
003 ItRI
005 20260115231822.0
008 070530s1984 xxu|||||| ||||| |||||c
020 |a 0807067164 
040 |b ita  |c importazione bologna sebina 
041 7 |a eng  |2 ISO-639-2 
100 1 |a Grahn, Judy  |0 IT\ICCU\UDAV\049694  |4 aut 
240 1 0 |a Another mother tongue  |3 IT\ICCU\RL1\0085456  |9 Grahn, Judy 
245 1 0 |a Another mother tongue :  |b gay words, gay worlds /  |c Judy Grahn. 
260 |a Boston :  |b Beacon Press,  |c c1984 
300 |a XIX, 324 p. ;  |c 24 cm. 
942 |2 ddc  |c BK  |n 0 
952 |0 0  |1 0  |4 0  |6 DOC_306_766000000000000_GRA  |7 0  |9 13489  |a BO  |b BO  |d 2026-01-15  |i 17975  |l 0  |o DOC 306.766 GRA  |p BO17975  |r 2026-01-15 23:18:22  |w 2026-01-15  |x [Sebina 5] [1 v.]  |y BK  |z 1 v. 
999 |c 11592  |d 11592